000 00415nam a2200181Ia 4500
001 22227
005 20260414150817.0
008 260414t2009||||xx |||||||||||||| ||spa||
041 _aESP
082 _a620.82
_bF18
100 _aFalzon, Pierre
_eAUT
245 0 _aManual de ergonomía
_b
260 _c2009
300 _a707 páginas :
_c23 cm.
650 _aTCA
654 _aCII
942 _cLIB
_dJUS
_fJUS
_2ddc
_n
999 _c22227
_d22227